Statistics for Asian Countries Beginning With S

Click here to take the quiz!

General Stats

  • This quiz has been taken 60 times
  • The average score is 4 of 5

Answer Stats

Answer% Correct
Singapore
79%
Sri Lanka
77%
South Korea
74%
Syria
74%
Saudi Arabia
72%

Score Distribution

Percentile by Number Answered

Percent of People with Each Score

Your Score History

You have not taken this quiz